Az élet regényeiből : a törvénytelen gyermek
Fejtón. [Autor zatiaľ nedešifrovaný - v prístupných encyklopedických dielach sa neuvádza.]
| Hlavný autor: | |
|---|---|
| Médium: | Článok |
| Jazyk: | Hungarian |
| Témy: | |
| Zdroj: |
1. Homonna és Vidéke : Hetilap 1. Roč. 14, č. 21 (24.05.1914) s. 1 a 2 |
| LEADER | 00904nab#a2200325#ar4500 | ||
|---|---|---|---|
| 001 | 000072402 | ||
| 003 | SVKKK | ||
| 005 | 20021022xxxxxxx. | ||
| 008 | 06 c xo huno | ||
| FMT | |||
| 038 | |a SVKKK | ||
| 040 | |a SVKKK |b slo |e AACR2 | ||
| 041 | 0 | |a hun | |
| 044 | |a xo |c SK | ||
| 080 | |a 894.511(437.6)-9 | ||
| 100 | 1 | |a Balla, Eugen |4 aut | |
| 242 | 1 | 0 | |a Z románov života |
| 245 | 1 | 0 | |a Az élet regényeiből : |b a törvénytelen gyermek |c Eugen Balla |
| 500 | |a Jenő | ||
| 500 | |a mikrofilm | ||
| 520 | 2 | |a Fejtón. [Autor zatiaľ nedešifrovaný - v prístupných encyklopedických dielach sa neuvádza.] | |
| 650 | 0 | 4 | |a fejtóny - literatúra maďarská - texty |
| 773 | 0 | |t Homonna és Vidéke : Hetilap |g Roč. 14, č. 21 (24.05.1914) s. 1 a 2 | |
| 957 | |a Humenné [?] | ||
| 958 | |a DG | ||
| 958 | |a SK | ||
| 974 | |a Ba |d 20021022 | ||
| 992 | |a RBX | ||
| BAS | |||
| 998 | |a RETRO | ||